TOP 10 des pokémon avec le plus d'attaque spéciale - Statistiques

Statistiques générales
  • Ce quiz a été pris 16 fois
  • Le résultat moyen est 5 sur 10
Statistiques - réponses
Top Réponse % Correct
1 Mega Mewtwo Y
86%
2 ex aequo Mega Rayquaza
71%
2 Primo Kyogre
64%
5 Méga Alakazam
57%
7 ex aequo Méga Ectoplasma
57%
2 ex aequo Deoxys Attaque
50%
7 ex aequo Kyurem Blanc
36%
6 Cablifère
29%
10 Ultra Necrozma
21%
7 ex aequo Hoopa Déchaîné
14%
Aucun quiz correspondant
Distribution des résultats
% des personnes avec chaque résultat
Percentile par nombre de réponses
Votre historique - résultats
Vous n’avez pas pris ce quiz